Z činnosti miestneho kultúrneho strediska

Bibliographic Details
Main Author: Demková, Helena (Author)
Corporate Author: Miestne kultúrne stredisko (Gemerská Poloma, Slovensko) (Author)
Format: Article
Language:Slovak
PhysicalDescription:6 foto
Subjects:

MARC

LEADER 00000nab a2200000 a 4500
001 vtls001004865
003 SK-MaSNL
005 20260303041558.0
008 040720e19980000xo 0 slo
035 |a RV5465 
040 |a RVGKPD  |b slo  |c RVGKPD  |e AACR2 
041 0 |a slo 
044 |a xo  |c SK 
080 |a 374  |2 1981 
100 1 |a Demková, Helena  |4 aut  |9 899515 
245 1 0 |a Z činnosti miestneho kultúrneho strediska 
300 |b 6 foto 
500 |a činnosť 
610 2 7 |a Miestne kultúrne stredisko (Gemerská Poloma, Slovensko)  |2 RVGKPD  |9 1023995 
651 7 |a Gemerská Poloma (Slovensko)  |2 RVGKPD  |9 29357 
655 7 |a periodikum  |2 snkbucl  |9 29553 
710 2 |a Miestne kultúrne stredisko (Gemerská Poloma, Slovensko)  |4 aut  |9 1023995 
773 0 8 |t Polomské noviny  |g Roč. 3, č.3 (1998), s. 3 
852 |a ZVYKNI  |b KIS3GCP 
999 |c 1687721  |d 1689651